00313nam a22001337a 450000500170000000800410001702000180005804100080007608200100008410000200009424500330011426000240014730000080017120260408133452.0160627b xxu||||| |||| 00| 0 eng d a0-14-303176-7 aeng a915.4 aLoseby, Richard aBlue is the Colour of Heaven bPenguin Indiac2004 a240